| 000 | 01106nam a2200325 a 4500 | ||
|---|---|---|---|
| 001 | 21435 | ||
| 003 | BD-RjUL | ||
| 005 | 20260210103951.0 | ||
| 008 | 140304s1969 enka b 001 0aeng d | ||
| 020 | _a004928021X | ||
| 035 | _a(BD-RjUL)21435 | ||
| 040 |
_aDLC _cDLC _dUKM _dBD-RjUL _beng |
||
| 041 | 1 |
_aeng _hurd _hper |
|
| 082 |
_a891.43913 _bGHA 1969 |
||
| 245 | 1 | 0 |
_aGhalib, 1797-1869 / _ctranslated and edited by Ralph Russell and Khurshidul Islam. _p |
| 260 |
_aLondon : _bAllen & Unwin, _c1969. |
||
| 300 |
_aV.; _c24 cm. |
||
| 490 | 1 | _aUNESCO collection of representative works. Indian series | |
| 500 | _aNo more published. | ||
| 504 | _aBibliography: p. 373. | ||
| 504 | _aIncludes bibliographical references (p. [373]) and index. | ||
| 505 | 0 | 1 | _aVol.1 Life and letters-- |
| 600 | 1 | 0 |
_aGhalib, Mirza Asadullah Khan, _d1797-1869 |
| 700 | 1 |
_aRussell, Ralph, _d1918-2008. _917702 |
|
| 700 | 1 | _aGhalib, Mirza Asadullah Khan, | |
| 700 | 0 |
_aḴẖvurshīdulislām, _d1919- _917703 |
|
| 830 | 0 |
_aUNESCO collection of representative works. _917704 |
|
| 942 |
_2ddc _cBK |
||
| 999 |
_c21435 _d21435 |
||